Steve Carell Filmography - Statistics

General Stats
  • This quiz has been taken 444 times
    82 since last reset
  • The average score is 20 of 106
Answer Stats
Type Year Name % Correct
TV Show 2005-2011, 2013 The Office
88%
Film 2005 The 40-Year-Old Virgin
79%
Film 2004 Anchorman: The Legend of Ron Burgundy
71%
Film 2010 Despicable Me
67%
Film 2013 Despicable Me 2
67%
Film 2017 Despicable Me 3
67%
Film 2013 Anchorman 2: The Legend Continues
63%
Film 2015 Minions
63%
Film 2024 Despicable Me 4
62%
TV Show 1996-2018 Saturday Night Live
60%
Film 2007 Evan Almighty
54%
Film 2003 Bruce Almighty
50%
Film 2022 Minions: The Rise of Gru
50%
Film 2011 Crazy, Stupid, Love.
48%
Film 2008 Get Smart
44%
Film 2018 Beautiful Boy
42%
Web Series 2020-2022 Space Force
42%
Film 2015 The Big Short
40%
Film 2010 Date Night
38%
Film 2014 Foxcatcher
38%
Film 2006 Little Miss Sunshine
37%
Film 2007 Dan in Real Life
35%
TV Show 2012 The Simpsons
35%
Film 2010 Dinner for Schmucks
33%
Film 2006 Over the Hedge
33%
Film 2008 Horton Hears a Who!
29%
Film 2018 Welcome to Marwen
29%
Film 2007 Knocked Up
27%
TV Show 1999-2005 The Daily Show
27%
Web Series 2019-2021 The Morning Show
27%
Film 2024 IF
25%
Film 2018 Vice
23%
Film 2023 Asteroid City
21%
Film 2013 The Incredible Burt Wonderstone
21%
TV Mini-Series 2022 The Patient
21%
Web Series 2025 The Four Seasons
19%
Film 2013 The Way, Way Back
17%
Film 2017 Battle of the Sexes
15%
TV Show 2013 Pawn Stars
15%
Film 2012 Seeking a Friend for the End of the World
15%
Film 2004 Wake Up, Ron Burgundy: The Lost Movie
15%
Film 2014 Alexander and the Terrible, Horrible, No Good, Very Bad Day
13%
Film 2025 Mountainhead
13%
Film 2004 Sleepover
13%
Film 2017 Last Flag Flying
12%
Director 2016 Angie Tribeca
10%
Film 2005 Bewitched
10%
Film 2016 Café Society
10%
Film 1991 Curly Sue
10%
Music Video 2013 Happy
10%
Film 2012 Hope Springs
10%
Theater 2024 Uncle Vanya
10%
Film 2015 Freeheld
8%
Film 2020 Irresistible
8%
TV Show 1998 Just Shoot Me!
8%
Film 2014 Neighbors
8%
Web Series 2020 Some Good News
8%
Film 2007 Stories USA
8%
TV Show 1996 The Dana Carvey Show
8%
TV Show 2013 Web Therapy
8%
Short Film 2014 9 Kisses
6%
Short Film 2006 American Storage
6%
Commercial 1989 Brown's Chicken
6%
TV Show 2004 Come to Papa
6%
Simulator Ride 2012 Despicable Me: Minion Mayhem
6%
TV Show 2004 Fillmore!
6%
Short Film 2006 Hammy's Boomerang Adventure
6%
Film 1998 Homegrown
6%
TV Show 2011 Life's Too Short
6%
Film 2004 Melinda and Melinda
6%
Video Game 2002 Outlaw Golf
6%
Video Game 2003 Outlaw Volleyball
6%
TV Show 1997 Over the Top
6%
Short Film 2013 Panic in the Mailroom
6%
TV Show 2000 Strangers with Candy
6%
Short Film 2003 Street of Pain
6%
Short Film 2020 The Greatest Gift
6%
TV Show 2007 The Naked Trucker and T-Bones Show
6%
Film 1998 Tomorrow Night
6%
Documentary 2017 Too Funny to Fail: The Life & Death of The Dana Carvey Show
6%
TV Show 2002-2003 Watching Ellie
6%
Commercial 2019 Pepsi
4%
TV Show 2012 Sesame Street
4%
TV Show 1996 All My Children
2%
Video Game 2010 Despicable Me: The Game
2%
Commercial 2001 FedEx
2%
TV Film 2000 H.U.D.
2%
TV Short 1991 Life as We Know It!
2%
Film 1999 Suits
2%
TV Short 2003 The Lunchbox Chronicles
2%
TV Show 2010 Todos Contra Juan
2%
Music Video 2004 Afternoon Delight
0%
Theater 1994 Are You Now or Have You Ever Been Mellow?
0%
Commercial 2015 AT&T
0%
TV Special 2023 Carol Burnett: 90 Years of Laughter + Love
0%
TV Show 2022 CBeebies Bedtime Story
0%
Web Series 2022, 2023 Gown and Out in Beverly Hills
0%
Short Film 2013 Puppy
0%
TV Show 2002 Reel Comedy
0%
Theater 1994-1995 Sin
0%
TV Special 2001 Steve Carell Salutes Steve Carell
0%
TV Show 2008 The Bob & Tom Show
0%
TV Film 1994 The Second City's 149 1/2 Edition
0%
TV Short 2019 Threat Level Midnight: The Movie
0%
Short Film 2013 Training Wheels
0%
Theater 1993 Truth, Justice, or the American Way
0%
No matching quizzes found
Score Distribution
Percent of People with Each Score
Percentile by Number Answered
Your Score History
You have not taken this quiz since the last reset